[Event "CZE-chT2 9900"]
[Site "Czech Republic"]
[Date "2000.??.??"]
[Round "?"]
[White "Vavruska, David"]
[Black "Taborsky, Rostislav"]
[Result "1-0"]
[WhiteElo "2310"]
[BlackElo "2208"]
[PlyCount "121"]
[EventDate "1999.??.??"]
[EventType "team"]
[EventRounds "11"]
[EventCountry "CZE"]
[SourceTitle "EXT 2001"]
[Source "ChessBase"]
[SourceDate "2000.11.22"]
[SourceVersion "1"]
[SourceVersionDate "2000.11.22"]
[SourceQuality "1"]

1. Nf3 c5 2. g3 Nc6 3. Bg2 d5 4. d3 g6 5. 0-0 Bg7 6. Nbd2 e6 7. e4 Nge7 8. a4 b6 9. Re1 a5 10. h4 h6 11. Nh2 Ra7 12. Ng4 f5 13. Ne3 0-0 14. f4 Rd7 15. e5 g5 16. hxg5 hxg5 17. Bf1 Qe8 18. Ng2 g4 19. Ne3 Qh5 20. Re2 Kf7 21. Rh2 Qg6 22. Bg2 Rdd8 23. Nef1 Ba6 24. Nb1 Nb4 25. Na3 Rh8 26. Rxh8 Rxh8 27. Nb5 Bxb5 28. axb5 d4 29. c3 Nbd5 30. Qb3 Rc8 31. Bd2 Bf8 32. Rc1 dxc3 33. bxc3 Kg7 34. Ne3 Nxe3 35. Bxe3 Qf7 36. c4 Ng6 37. Rd1 Be7 38. d4 cxd4 39. Bxd4 Bc5 40. Bxc5 Rxc5 41. Rd6 Qc7 42. Rxe6 a4 43. Qd3 Rxc4 44. Rc6 Rxc6 45. bxc6 Qe7 46. Qd6 Qf8 47. c7 Ne7 48. Qxe7+ Qxe7 49. c8Q Qb4 50. Qd7+ Kg6 51. Qe6+ Kg7 52. Qf6+ Kh7 53. Qxf5+ Kh8 54. Qh5+ Kg7 55. Qxg4+ Kf8 56. Qf5+ Kg7 57. Qf6+ Kh7 58. Kh2 Qe1 59. Kh3 b5 60. e6 a3 61. g4 1-0

[Event "CZE-chT 9899"]
[Site "Czech Republic"]
[Date "1999.03.13"]
[Round "8"]
[White "Lipka, Juraj"]
[Black "Vavruska, David"]
[Result "1-0"]
[WhiteElo "2365"]
[BlackElo "2310"]
[PlyCount "51"]
[EventDate "1998.10.31"]
[EventType "team-tourn"]
[EventRounds "11"]
[EventCountry "CZE"]
[SourceTitle "EXT 2019"]
[Source "ChessBase"]
[SourceDate "2018.10.10"]
[SourceVersion "1"]
[SourceVersionDate "2018.10.10"]
[SourceQuality "1"]
[WhiteTeam "Praha Bohemians"]
[BlackTeam "Chrudim"]
[WhiteTeamCountry "CZE"]
[BlackTeamCountry "CZE"]

1. e4 c5 2. Nf3 d6 3. d4 cxd4 4. Nxd4 Nf6 5. Nc3 a6 6. Be2 e6 7. 0-0 Nbd7 8. a4 b6 9. f4 Bb7 10. Bf3 Qc7 11. Kh1 h5 12. Qe2 Rc8 13. e5 dxe5 14. fxe5 Ng4 15. Bxb7 Qxb7 16. Bf4 g5 17. Bxg5 Ngxe5 18. Ne4 Rg8 19. Nf6+ Nxf6 20. Bxf6 Rc5 21. Rad1 Be7 22. Nb3 Bxf6 23. Nxc5 bxc5 24. Rxf6 Ng6 25. Rdf1 Rg7 26. Qf3 1-0

[Event "CZE-chT2 9798"]
[Site "Czech Republic"]
[Date "1998.??.??"]
[Round "5.1"]
[White "Trapl, Jindrich"]
[Black "Vavruska, David"]
[Result "1-0"]
[WhiteElo "2365"]
[BlackElo "2300"]
[PlyCount "57"]
[EventDate "1997.??.??"]
[EventType "team"]
[EventRounds "11"]
[EventCountry "CZE"]
[SourceTitle "EXT 1999"]
[Source "ChessBase"]
[SourceDate "1998.11.16"]
[SourceVersion "1"]
[SourceVersionDate "1998.11.16"]
[SourceQuality "1"]

1. e4 c5 2. Nf3 d6 3. d4 cxd4 4. Nxd4 Nf6 5. Nc3 a6 6. Bc4 e6 7. Bg5 Be7 8. Qf3 Qc7 9. Bb3 Bd7 10. 0-0-0 Nc6 11. Qg3 b5 12. Bxf6 Bxf6 13. Ndxb5 axb5 14. Nxb5 Qd8 15. Nxd6+ Kf8 16. f4 Nd4 17. Rxd4 Bxd4 18. Rd1 Bf6 19. f5 Qe7 20. e5 Bg5+ 21. Kb1 Rd8 22. a4 Bc8 23. Rd3 h6 24. Rc3 Bd7 25. Rc7 f6 26. fxe6 Bxe6 27. Rxe7 Kxe7 28. Bxe6 Kxe6 29. Qb3+ 1-0

[Event "CZE-chT2 9798"]
[Site "Czech Republic"]
[Date "1998.??.??"]
[Round "8.1"]
[White "Vavruska, David"]
[Black "Vavra, Pavel"]
[Result "1/2-1/2"]
[WhiteElo "2300"]
[BlackElo "2340"]
[PlyCount "93"]
[EventDate "1997.??.??"]
[EventType "team"]
[EventRounds "11"]
[EventCountry "CZE"]
[SourceTitle "EXT 1999"]
[Source "ChessBase"]
[SourceDate "1998.11.16"]
[SourceVersion "1"]
[SourceVersionDate "1998.11.16"]
[SourceQuality "1"]

1. Nf3 d5 2. g3 c6 3. Bg2 Bg4 4. d3 Nd7 5. Nbd2 Ngf6 6. 0-0 e5 7. e4 Bd6 8. h3 Bh5 9. Qe1 0-0 10. Nh4 Re8 11. Nf5 Bf8 12. Nb3 Bg6 13. Be3 Qc7 14. Qe2 b5 15. a4 a5 16. Bd2 b4 17. Bg5 h6 18. Bc1 Rad8 19. Re1 Nc5 20. Nxc5 Bxc5 21. Qf3 Re6 22. b3 Qb6 23. Bb2 dxe4 24. dxe4 Rd2 25. Re2 Nxe4 26. Qxe4 Bxf5 27. Rxd2 Bxe4 28. Bxe4 g6 29. Rf1 Be7 30. Rd7 Qc5 31. Bd3 Bf6 32. Bc4 Re7 33. Rfd1 Kg7 34. R7d6 h5 35. Kg2 g5 36. f4 Re8 37. Rd7 Be7 38. Bxe5+ f6 39. Bd4 Qf5 40. fxg5 Qxc2+ 41. Bf2 fxg5 42. Re1 Kf8 43. Bd3 Qd2 44. Bf5 Bd6 45. Be4 Qxe1 46. Bxe1 Rxe4 47. Bf2 1/2-1/2

[Event "CZE-chT1b 9697"]
[Site "Czech Republic"]
[Date "1997.??.??"]
[Round "?"]
[White "Blahacek, Evzen"]
[Black "Vavruska, David"]
[Result "0-1"]
[WhiteElo "2280"]
[BlackElo "2280"]
[PlyCount "94"]
[EventDate "1996.??.??"]
[EventType "team"]
[EventRounds "11"]
[EventCountry "CZE"]
[SourceTitle "EXT 1998"]
[Source "ChessBase"]
[SourceDate "1997.11.17"]
[SourceVersion "1"]
[SourceVersionDate "1997.11.17"]
[SourceQuality "1"]

1. c4 e5 2. Nc3 Nc6 3. Nf3 f5 4. d4 e4 5. Nd2 Nf6 6. e3 g6 7. Be2 Bg7 8. Rb1 0-0 9. b4 d6 10. b5 Ne7 11. Nb3 g5 12. f4 exf3 13. gxf3 Ng6 14. 0-0 g4 15. Qe1 h5 16. Bd3 Nh7 17. fxg4 hxg4 18. e4 Nh4 19. Be2 Ng5 20. Bxg5 Qxg5 21. Kh1 f4 22. Rd1 Bd7 23. Rd3 Rf7 24. Bd1 Raf8 25. Qd2 g3 26. hxg3 fxg3 27. Rxf7 Rxf7 28. Kg1 Qf6 29. Qe1 g2 30. Nd2 Qxd4+ 31. Rxd4 Bxd4+ 32. Kh2 g1Q+ 33. Qxg1+ Bxg1+ 34. Kxg1 c6 35. Bh5 Rg7+ 36. Bg6 Rxg6+ 37. Kf2 Kf7 38. bxc6 bxc6 39. Ke2 Be6 40. Nd1 Bg4+ 41. Ke1 Bxd1 42. Kxd1 Rg2 43. Kc2 Ke6 44. Kd3 Rg3+ 45. Kc2 Ke5 46. Nf1 Rg2+ 47. Nd2 Kd4 0-1

[Event "CZE-chT1b 9697"]
[Site "Czech Republic"]
[Date "1997.??.??"]
[Round "?"]
[White "Karnik, Pavel"]
[Black "Vavruska, David"]
[Result "1-0"]
[WhiteElo "2275"]
[BlackElo "2280"]
[PlyCount "71"]
[EventDate "1996.??.??"]
[EventType "team"]
[EventRounds "11"]
[EventCountry "CZE"]
[SourceTitle "EXT 1998"]
[Source "ChessBase"]
[SourceDate "1997.11.17"]
[SourceVersion "1"]
[SourceVersionDate "1997.11.17"]
[SourceQuality "1"]

1. e4 c5 2. Nf3 d6 3. d4 cxd4 4. Qxd4 a6 5. Bc4 Nc6 6. Qd3 e6 7. Nc3 Nf6 8. Bf4 Nh5 9. Bg5 Nf6 10. 0-0-0 Qc7 11. Bf4 Ng4 12. Qe2 Nge5 13. Bb3 Be7 14. Nd4 0-0 15. Bg3 Nxd4 16. Rxd4 b5 17. Rhd1 Rb8 18. Kb1 Qc5 19. f4 Nc6 20. R4d2 b4 21. Na4 Qb5 22. Qe1 Na5 23. f5 Nxb3 24. axb3 e5 25. Bf2 Bd7 26. Bc5 Qa5 27. f6 gxf6 28. Bxd6 Bxd6 29. Rxd6 Bxa4 30. Qg3+ Kh8 31. bxa4 Qxa4 32. b3 Qe8 33. Qh4 Qe7 34. Rd7 Qc5 35. Qxf6+ Kg8 36. R1d3 1-0

[Event "CZE-chT2 9798"]
[Site "Czech Republic"]
[Date "1997.??.??"]
[Round "4.1"]
[White "Vavruska, David"]
[Black "Michalek, Jan"]
[Result "1/2-1/2"]
[WhiteElo "2300"]
[BlackElo "2285"]
[PlyCount "24"]
[EventDate "1997.??.??"]
[EventType "team"]
[EventRounds "11"]
[EventCountry "CZE"]
[SourceTitle "EXT 1999"]
[Source "ChessBase"]
[SourceDate "1998.11.16"]
[SourceVersion "1"]
[SourceVersionDate "1998.11.16"]
[SourceQuality "1"]

1. e4 c5 2. Nf3 Nc6 3. g3 g6 4. Bg2 Bg7 5. 0-0 Nf6 6. Re1 0-0 7. c3 e5 8. d3 h6 9. Nbd2 d6 10. a3 Be6 11. b4 Nd7 12. Bb2 b5 1/2-1/2

[Event "CZE-chT 9596"]
[Site "Czech Republic"]
[Date "1995.10.22"]
[Round "2"]
[White "Vavruska, David"]
[Black "Dolezal, Martin"]
[Result "1-0"]
[WhiteElo "2265"]
[BlackElo "2275"]
[PlyCount "66"]
[EventDate "1995.10.21"]
[EventType "team-tourn"]
[EventRounds "11"]
[EventCountry "CZE"]
[SourceTitle "EXT 2019"]
[Source "ChessBase"]
[SourceDate "2018.10.10"]
[SourceVersion "1"]
[SourceVersionDate "2018.10.10"]
[SourceQuality "1"]
[WhiteTeam "Plzen"]
[BlackTeam "Litomerice SK IWEX "]
[WhiteTeamCountry "CZE"]
[BlackTeamCountry "CZE"]

1. Nf3 Nf6 2. g3 g6 3. Bg2 Bg7 4. 0-0 d6 5. d3 e5 6. c4 Nc6 7. Nc3 h6 8. Nd5 0-0 9. Rb1 Be6 10. Nd2 Qd7 11. Nxf6+ Bxf6 12. Ne4 Bg7 13. Bxh6 Bh3 14. Qd2 Bxg2 15. Kxg2 f5 16. Bxg7 Kxg7 17. Ng5 f4 18. h3 Nd4 19. Nf3 Rh8 20. Rh1 fxg3 21. fxg3 Raf8 22. Rbf1 Rf7 23. Ng5 Rf5 24. e4 Rff8 25. Rxf8 Rxf8 26. Rf1 Rxf1 27. Kxf1 Ne6 28. Nxe6+ Qxe6 29. Kg2 a6 30. Qg5 b5 31. b3 c6 32. h4 d5 33. cxd5 cxd5 1-0

[Event "CZE-chT 9596"]
[Site "Czech Republic"]
[Date "1995.10.21"]
[Round "1"]
[White "Gross, David"]
[Black "Vavruska, David"]
[Result "1-0"]
[WhiteElo "2240"]
[BlackElo "2265"]
[PlyCount "49"]
[EventDate "1995.10.21"]
[EventType "team-tourn"]
[EventRounds "11"]
[EventCountry "CZE"]
[SourceTitle "EXT 2019"]
[Source "ChessBase"]
[SourceDate "2018.10.10"]
[SourceVersion "1"]
[SourceVersionDate "2018.10.10"]
[SourceQuality "1"]
[WhiteTeam "Kolin SK Sokol"]
[BlackTeam "Plzen"]
[WhiteTeamCountry "CZE"]
[BlackTeamCountry "CZE"]

1. e4 c5 2. Nf3 d6 3. d4 cxd4 4. Nxd4 Nf6 5. Nc3 a6 6. f4 Qc7 7. Bd3 e5 8. Nf3 Be7 9. 0-0 Nbd7 10. Kh1 0-0 11. fxe5 Nxe5 12. Nxe5 dxe5 13. Bg5 Be6 14. Qe1 Ne8 15. Be3 Rd8 16. Rd1 Bc5 17. Nd5 Bxd5 18. exd5 Bxe3 19. Qxe3 Nf6 20. Rxf6 gxf6 21. Bf5 Rfe8 22. Qh6 e4 23. Bxh7+ Kh8 24. Bf5+ Kg8 25. d6 1-0

[Event "CZE-chT 9495"]
[Site "Czech Republic"]
[Date "1995.03.12"]
[Round "10"]
[White "Vavruska, David"]
[Black "Haba, Petr"]
[Result "1-0"]
[WhiteElo "2265"]
[BlackElo "2440"]
[PlyCount "71"]
[EventDate "1994.10.15"]
[EventType "team-tourn"]
[EventRounds "9"]
[EventCountry "CZE"]
[SourceTitle "EXT 2019"]
[Source "ChessBase"]
[SourceDate "2018.10.10"]
[SourceVersion "1"]
[SourceVersionDate "2018.10.10"]
[SourceQuality "1"]
[WhiteTeam "Plzen"]
[BlackTeam "Praha Bohemians"]
[WhiteTeamCountry "CZE"]
[BlackTeamCountry "CZE"]

1. e4 c5 2. Nf3 e6 3. d3 Nc6 4. g3 d5 5. Nbd2 Bd6 6. Bg2 Nge7 7. 0-0 0-0 8. Re1 Bc7 9. a4 b6 10. b3 Rb8 11. Bb2 f6 12. Bh3 d4 13. Nh4 g5 14. Nhf3 Ng6 15. Nc4 a6 16. Rf1 h5 17. Ne1 Kg7 18. Bg2 h4 19. Bc1 hxg3 20. fxg3 Rh8 21. Qe2 Bd7 22. Nf3 b5 23. e5 bxc4 24. exf6+ Kf8 25. Nxg5 cxd3 26. Qxd3 Nce5 27. Qxa6 Qc8 28. Qe2 Nf7 29. Ne4 Ba5 30. Qg4 Nfe5 31. Qg5 Bb4 32. Bf4 Qc7 33. Bxe5 Qxe5 34. Qxg6 Qh5 35. Qg7+ Ke8 36. Qe7# 1-0

[Event "CZE-chT 9495"]
[Site "Czech Republic"]
[Date "1995.01.15"]
[Round "5"]
[White "Vavruska, David"]
[Black "Jakubiec, Artur"]
[Result "0-1"]
[WhiteElo "2265"]
[BlackElo "2410"]
[PlyCount "90"]
[EventDate "1994.10.15"]
[EventType "team-tourn"]
[EventRounds "9"]
[EventCountry "CZE"]
[SourceTitle "EXT 2019"]
[Source "ChessBase"]
[SourceDate "2018.10.10"]
[SourceVersion "1"]
[SourceVersionDate "2018.10.10"]
[SourceQuality "1"]
[WhiteTeam "Plzen"]
[BlackTeam "Karvina SK Banik CSA "]
[WhiteTeamCountry "CZE"]
[BlackTeamCountry "CZE"]

1. e4 c5 2. Nf3 a6 3. d3 Nc6 4. g3 g6 5. Bg2 Bg7 6. 0-0 d6 7. Nbd2 e5 8. c3 Nge7 9. a3 0-0 10. b4 h6 11. Bb2 Be6 12. Nb3 cxb4 13. cxb4 f5 14. Nfd2 f4 15. Bc3 Rc8 16. Qb1 b5 17. Qb2 Qb6 18. Nf3 g5 19. gxf4 Rxf4 20. Bd2 Rf7 21. Be3 Qd8 22. Rac1 Ng6 23. d4 g4 24. d5 gxf3 25. dxe6 Rf8 26. Bh1 Qh4 27. Rfd1 Qg4+ 28. Kf1 Qxe6 29. Nd2 Qh3+ 30. Ke1 Nh4 31. Qb3+ Kh8 32. Nf1 Nd4 33. Qd3 Qe6 34. Bxd4 exd4 35. Ng3 d5 36. Kf1 Rc4 37. exd5 Qxd5 38. Ne4 Rfc8 39. Nc5 Re8 40. Re1 Rxc1 41. Rxc1 Qg5 42. Nb3 Qg4 43. Nd2 Qh3+ 44. Kg1 Be5 45. Nf1 Bxh2+ 0-1

[Event "CZE-chT1c 9495"]
[Site "Czech Republic"]
[Date "1995.??.??"]
[Round "2"]
[White "Vavruska, David"]
[Black "Sluka, Radek"]
[Result "0-1"]
[WhiteElo "2265"]
[BlackElo "2310"]
[PlyCount "74"]
[EventDate "1994.??.??"]
[EventType "team"]
[EventRounds "11"]
[EventCountry "CZE"]
[SourceTitle "EXT 1998"]
[Source "ChessBase"]
[SourceDate "1997.11.17"]
[SourceVersion "1"]
[SourceVersionDate "1997.11.17"]
[SourceQuality "1"]

1. Nf3 Nf6 2. g3 d5 3. Bg2 c5 4. d3 e6 5. 0-0 Nc6 6. Nbd2 Be7 7. e4 b6 8. Re1 Bb7 9. c3 Qc7 10. a3 Ba6 11. Nf1 dxe4 12. dxe4 Rd8 13. Qa4 Bd3 14. Bf4 Qb7 15. N3d2 b5 16. Qd1 h6 17. Qc1 c4 18. f3 0-0 19. Be3 Nd7 20. f4 e5 21. Bf2 Qb8 22. f5 Na5 23. Qd1 Bc5 24. Bxc5 Nxc5 25. Qg4 Bxf1 26. Nxf1 Nd3 27. Re2 Nb3 28. Rd1 Qb6+ 29. Re3 Nxb2 30. Rd5 Nd3 31. Qe2 Nf4 32. gxf4 exf4 33. f6 Rxd5 34. exd5 fxe3 35. fxg7 Re8 36. Ng3 Nc1 37. Qd1 e2+ 0-1

[Event "CZE-chT 9495"]
[Site "Czech Republic"]
[Date "1994.11.13"]
[Round "4"]
[White "Petran, Peter"]
[Black "Vavruska, David"]
[Result "1-0"]
[WhiteElo "2445"]
[BlackElo "2270"]
[PlyCount "109"]
[EventDate "1994.10.15"]
[EventType "team-tourn"]
[EventRounds "9"]
[EventCountry "CZE"]
[SourceTitle "EXT 2019"]
[Source "ChessBase"]
[SourceDate "2018.10.10"]
[SourceVersion "1"]
[SourceVersionDate "2018.10.10"]
[SourceQuality "1"]
[WhiteTeam "Brno Lokomotiva"]
[BlackTeam "Plzen"]
[WhiteTeamCountry "CZE"]
[BlackTeamCountry "CZE"]

1. g3 d5 2. Bg2 Nf6 3. d3 c6 4. Nf3 Bf5 5. 0-0 h6 6. b3 e6 7. Bb2 Bc5 8. Nbd2 0-0 9. Ne5 Nbd7 10. Nxd7 Nxd7 11. e4 Bh7 12. Qe2 a5 13. a3 Re8 14. h3 Nf6 15. e5 Nd7 16. Kh2 Bf8 17. f4 Qc7 18. g4 b5 19. Rac1 Rac8 20. d4 c5 21. dxc5 Qxc5 22. Nf3 Qb6 23. Nd4 Rb8 24. Rcd1 Rb7 25. Rd2 Bc5 26. Kh1 Bxd4 27. Bxd4 Qc7 28. f5 Nc5 29. Qe3 Ne4 30. Bxe4 dxe4 31. Qxe4 a4 32. Rdf2 Qc8 33. Qe3 Rd7 34. bxa4 Qc6+ 35. Kg1 bxa4 36. c3 Rb7 37. f6 Qe4 38. Qd2 Reb8 39. fxg7 Kxg7 40. Be3 Kg8 41. Bxh6 Bg6 42. Qg5 Kh7 43. Rxf7+ Rxf7 44. Rxf7+ Kg8 45. Rf1 Rb1 46. Rxb1 Qxb1+ 47. Qc1 Qd3 48. Be3 Be4 49. Qd2 Qb1+ 50. Kh2 Qh1+ 51. Kg3 Qf3+ 52. Kh4 Qf8 53. Qd6 Qe8 54. Bg5 Kf7 55. Qd8 1-0

[Event "CZE-chT 9495"]
[Site "Czech Republic"]
[Date "1994.10.16"]
[Round "2"]
[White "Vavruska, David"]
[Black "Pribyl, Martin"]
[Result "1/2-1/2"]
[WhiteElo "2270"]
[BlackElo "2360"]
[PlyCount "123"]
[EventDate "1994.10.15"]
[EventType "team-tourn"]
[EventRounds "9"]
[EventCountry "CZE"]
[SourceTitle "EXT 2019"]
[Source "ChessBase"]
[SourceDate "2018.10.10"]
[SourceVersion "1"]
[SourceVersionDate "2018.10.10"]
[SourceQuality "1"]
[WhiteTeam "Plzen"]
[BlackTeam "Praha DP Tarok"]
[WhiteTeamCountry "CZE"]
[BlackTeamCountry "CZE"]

1. Nf3 Nf6 2. g3 g6 3. Bg2 Bg7 4. 0-0 d5 5. d3 0-0 6. Nbd2 c5 7. e4 Nc6 8. c3 e5 9. exd5 Nxd5 10. Re1 Re8 11. Nc4 Bf5 12. Ng5 Nb6 13. Qb3 Qc7 14. Nd6 Bxd3 15. Qxf7+ Qxf7 16. Ngxf7 Re7 17. Nh6+ Bxh6 18. Bxh6 Ba6 19. Ne4 Nd7 20. Rad1 Kh8 21. Bg5 Rf7 22. Bh3 Ncb8 23. Be6 Rg7 24. Nxc5 h6 25. Bxh6 Nxc5 26. Rd8+ Kh7 27. Bxg7 Nxe6 28. Rxb8 Rxb8 29. Bxe5 Rd8 30. Bf6 Rd6 31. Be7 Rc6 32. Rd1 Kg7 33. h4 Be2 34. Rd7 Rc7 35. Rxc7 Nxc7 36. Bd6 Nd5 37. Kg2 Kf7 38. Bc5 a6 39. f3 b5 40. Kf2 Bc4 41. b3 Bd3 42. Bd4 Bb1 43. c4 bxc4 44. bxc4 Nb4 45. a3 Nc6 46. Bc3 Ba2 47. g4 Bxc4 48. f4 Ke6 49. Ke3 Bb3 50. Kd2 Kd5 51. h5 gxh5 52. gxh5 Ke4 53. h6 Bg8 54. Be5 Ne7 55. Kc3 Nd5+ 56. Kd2 Bh7 57. Kc2 Bg8 58. Kd2 Nb6 59. Kc3 a5 60. Bd6 Bh7 61. Be5 Bg8 62. Bd6 1/2-1/2